| 000 | 00655nam a2200229Ia 4500 | ||
|---|---|---|---|
| 003 | OSt | ||
| 005 | 20220918204253.0 | ||
| 006 | a|||||r|||| 00| 0 | ||
| 007 | ta | ||
| 008 | 220917b |||||||| |||| 00| 0 eng d | ||
| 024 | _a111,824 | ||
| 037 | _cTextual | ||
| 040 |
_aARTS _cARTS _beng |
||
| 041 |
_2eng _aeng |
||
| 082 | _aV520X09:N4, L1 | ||
| 100 |
_aSarti Roland _9111337 |
||
| 245 | 0 |
_aFascism and the industrial leadership in Italy, 1919-1940 _b a study in the expansion of private power under fascism |
|
| 260 | _c1971 | ||
| 650 | _aHISTORY | ||
| 942 |
_hV520X09:N4, L1 _cTEXL _2CC |
||
| 999 |
_c235173 _d235173 |
||